000 01639nam a2200385 c 4500
003 BLK
005 20180422093820.0
008 180412b bul|||||r ||||||| ||bul||
010 _aKNG00008312000
040 _aBLK
041 _aBUL
_cBUL
080 _aОпазване на обществения ред и спокойствие
_b351.75
_x:343.21(497.2)(094.4)
_z351.75:343.21(497.2)(094.4)
080 _aОпазване на обществения ред и спокойствие
_b351.75
_x:343.1(497.2)(094.4)
_z351.75:343.1(497.2)(094.4)
700 1 _aСтаврева, Камелия
_eсъстав.
_9363583
710 1 _aБългария. Закони и др. п.
_9243213
139 _aБългария. Закони и др. п.
_bБ 92
245 1 0 _aНаказателен кодекс
_cсъстав. Камелия Ставрева.
245 1 0 _aНаказателно-процесуален кодекс
_b
_c
245 1 0 _aЗакон за изпълнение на наказанията
_b
_c
257 _aBGR
260 София
_bКредо издат
_c1995
300 _a284 с.
_c20 см
380 _a3
500 _a1 000 тир.
650 4 _aНаказателен кодекс - България
_9245467
650 4 _aНаказателно-процесуален кодекс - България
_9247438
653 _aнаказателно право
653 _aнаказателно-процесуално право
653 _aБългария
852 _aЦб 183572
856 4 _qpdf
_u
856 4 _qpdf
_u
942 _cKNG
_n0
944 _aCR
_c15.01.2003
_kЦветанка_Енчева
944 _aED
_c13.06.2005
_k
999 _c7048
_d7048